000 00610nam a2200205Ia 4500
005 20230606142101.0
008 131103s9999 xx 000 0 und d
020 _a710018215
040 _aLoreto College
041 _aEnglish
082 _a940
_bMED
245 _aFrom Metternich to Hitler
_b Aspect of British and Foreign History 1814-1939
_cEdited by W.N.Medlicott
260 _aLondon
_bRoutledge and Kegan Paul
_c1963
300 _aviii,267
504 _aIncludes bibliographical references and index
650 _aEurope-History
700 _aMedlicott,W.N.,ed
850 _aLCLIB
942 _cBK
999 _c36765
_d87244